| 000 | 00769cam a2200253 i 4500 | ||
|---|---|---|---|
| 999 |
_c8861 _d8861 |
||
| 001 | 4155435 | ||
| 003 | GBCCL | ||
| 005 | 20241126110700.0 | ||
| 008 | 780613s1978 miu b 001 0 eng | ||
| 010 | _a 78016423 | ||
| 020 |
_a0802817521 : _c$4.95 |
||
| 040 |
_aDLC _cDLC _dDLC |
||
| 050 | 0 | 0 |
_aBV601.8 _b.N4 1978 |
| 082 | 0 | 0 |
_a266 _bNEW |
| 100 | 1 |
_aNewbigin, Lesslie. _94867 |
|
| 245 | 1 | 4 |
_aThe open secret : _bsketches for a missionary theology / _cby Lesslie Newbigin. |
| 260 |
_aGrand Rapids : _bEerdmans, _cc1978. |
||
| 300 |
_aviii, 214 p. ; _c21 cm. |
||
| 504 | _aIncludes bibliographical references. | ||
| 650 | 0 |
_aMission of the church. _950 |
|
| 650 | 0 |
_aMissions _xTheory. _948 |
|
| 906 |
_a7 _bcbc _corignew _d1 _eocip _f19 _gy-gencatlg |
||
| 942 |
_2ddc _cBK _02 |
||